| 000 | 00949cam a2200253 a 4500 | ||
|---|---|---|---|
| 001 | TB12349 | ||
| 003 | IN-BhIIT | ||
| 005 | 20250818133633.0 | ||
| 008 | 890804s1990 njua b 001 0 eng | ||
| 020 | _a9789353430061 (pbk.) | ||
| 040 | _aIN-BhIIT | ||
| 041 | _aeng | ||
| 082 | 0 | 0 |
_a537.622 _bSHU/P |
| 100 | 1 |
_aShur, Michael. _eAuthor _925945 |
|
| 245 | 1 | 0 |
_aPhysics of semiconductor devices / _cby Michael Shur. |
| 260 |
_aNoida : _bPrentice Hall, _c2019. |
||
| 300 |
_axxiii, 640 p. : _bill. ; _c25 cm. |
||
| 500 | _aSystem requirements for computer disk (PLOTF software, version 3.00): IBM PC, PC/XT, or PC/AT; minimum 64K RAM; PC-DOS, BASICA; single or double-sided disk drive; color graphics adapter. | ||
| 504 | _aIncludes bibliographical references and index. | ||
| 650 | 0 |
_aSemiconductors. _925991 |
|
| 650 | 0 |
_aJunction transistors. _925946 |
|
| 650 | 0 |
_aMetal-oxide semiconductor field-effect transistors. _925947 |
|
| 942 |
_cTB _02 |
||
| 999 |
_c14851 _d14851 |
||